Journal of feminist studies in religion

Bibliographic Details
Format: Electronic Journal
Language:English
Published: Baltimore : Scholars Press, 1985-
Subjects:
Online Access:Full text available from Research Library: 04/01/2004 to present

MARC

LEADER 00000nas a2200000 a 4500
001 ssj0011783
003 WaSeSS
005 20200512172242.0
006 m d
007 cr n
008 040726c19859999inufr pss o 0 a0eng c
010 |a  2004221981 
016 7 |a 02317093X  |2 DE-101 
016 7 |a 2070958 -4  |2 DE-600 
016 7 |a 2070958-4  |2 DE-600 
016 7 |a 2070958 4  |2 DE-600 
022 |a 1553-3913  |l 1553-3913  |y 8755-4178 
035 |a (WaSeSS)ssj0011783 
037 |b Membership Services, P.O. Box 1608, Decatur, GA 30031-1608 
040 |a EBV  |b eng  |c EBV  |d NSD  |d ATL  |d DLC  |d NSD  |d OCL  |d MYG  |d OCL  |d NSD  |d EYM  |d OCLCQ  |d GBVCP  |d OCLCQ  |d OCLCF  |d VT2  |d OCLCQ  |d DEBBG  |d ELW  |d OCLCO  |d WT2  |d OCLCQ  |d LND  |d XFH  |d AU@  |d SFB  |d CNMTR  |d OCLCQ  |d OCLCO  |d WaSeSS 
042 |a pcc  |a nsdp 
050 4 |a HQ1393  |b .J68 
082 1 0 |a 261  |2 14 
130 0 |a Journal of feminist studies in religion (Online) 
222 0 |a Journal of feminist studies in religion  |b (Online) 
245 1 0 |a Journal of feminist studies in religion  |h [electronic resource]. 
246 1 3 |a JFSR 
260 |a Baltimore :  |b Scholars Press,  |c 1985- 
310 |a Semiannual 
362 0 |a Vol. 1, no. 1 (spring 1985)- 
500 |a Title from cover (JSTOR, viewed Nov. 21, 2008). 
500 |a Published: Bloomington : Indiana University Press, 2004- 
506 |a License restrictions may limit access. 
538 |a Mode of access: World Wide Web. 
588 1 |a Vol. 21, no. 1 (spring 2005) (Project Muse, viewed July 11, 2005). 
650 0 |a Women and religion  |v Periodicals. 
650 0 |a Feminism  |x Religious aspects  |v Periodicals. 
650 0 |a Women's studies  |v Periodicals. 
650 7 |a Feminism  |x Religious aspects.  |2 fast  |0 (OCoLC)fst00922698 
650 7 |a Women and religion.  |2 fast  |0 (OCoLC)fst01177110 
650 7 |a Women's studies.  |2 fast  |0 (OCoLC)fst01178850 
655 0 |a Electronic journals. 
776 0 8 |i Print version:  |t Journal of feminist studies in religion  |x 8755-4178  |w (DLC) 85644508  |w (OCoLC)11309512 
856 4 0 |z Full text available from Research Library: 04/01/2004 to present  |u https://search.proquest.com/publication/31217